Brazil in Different Languages - Statistics

General Stats
  • This quiz has been taken 24 times
  • The average score is 13 of 26
Answer Stats
Other Language Language % Correct
البرازيل Arabic
90%
ब्राज़ील Hindi/ Marathi
90%
ブラジル Japanese
90%
Бразилия Russian/ Bulgarian
90%
บราซิล Thai
81%
ბრაზილია Georgian
76%
ברזיל Hebrew
76%
Բրազիլիա Armenian
67%
Brasile Italian
67%
Brezilya Turkish
62%
Brasilia Faroese/ Finnish/ Latin/ Romansh
57%
ব্রাজিল Bengali
52%
பிரேசில் Tamil
52%
برازیل Urdu
52%
Бразылія Belarussian
48%
Brazilia Romanian
48%
an Bhrasaíl Irish
43%
Brasiilia Estonian
38%
බ්රසීලය Sinhala
38%
Brasilië Afrikaans
29%
Brazili Albanian
29%
Braisil Scots Gaelic
5%
Vrasil Guarani
0%
Purajil/Puratsil Inuktitut
0%
Brazilska Lower Sorbian
0%
Breesil Wolof
0%
No matching quizzes found
Score Distribution
Percent of People with Each Score
Percentile by Number Answered
Your Score History
You have not taken this quiz